| 000 | 00915nam a22002177a 4500 | ||
|---|---|---|---|
| 999 |
_c6204 _d6204 |
||
| 003 | AR-CdUCM | ||
| 008 | 190313b ||||| |||| 00| 0 spa d | ||
| 040 |
_aMUNICIPALIDAD PROVINCIAL DEL CUSCO _cBIBLIOTECA MUNICIPAL DEL CUSCO |
||
| 082 |
_a840 / _bG7 |
||
| 245 | _aLos grandes escritores y su labor actual / | ||
| 260 |
_aBuenos Aires : _bGráficos Esmeralda, _c1947. |
||
| 300 |
_a95 páginas ; _bfotografías ; _c17.5 cm. |
||
| 440 |
_aHoras de Francia _n : 20 _917898 |
||
| 500 | _aDonación de la familia Nieto. | ||
| 505 | _aContenido: Las grandes figuras literarias continúan trabajando -- La joven literatura francesa -- Los premios literarios -- Algunos trozas características de la actual literatura francesa. | ||
| 650 |
_aLiteratura francesa - Crítica _917899 |
||
| 650 |
_aPremios literarios - Francia _917900 |
||
| 650 |
_aLiteratos franceses _917901 |
||
| 942 |
_2ddc _cLIBROS |
||
| 945 | _alccs | ||